|
|
|
|
| LEADER |
02252nam a2200481 i 4500 |
| 001 |
EBC4230896 |
| 003 |
MiAaPQ |
| 005 |
20200520144314.0 |
| 006 |
m o d | |
| 007 |
cr cnu|||||||| |
| 008 |
160128t20142014gw ob 001 0 ger d |
| 020 |
|
|
|z 9783486718591
|
| 020 |
|
|
|a 9783110446784 (e-book)
|
| 035 |
|
|
|a (MiAaPQ)EBC4230896
|
| 035 |
|
|
|a (Au-PeEL)EBL4230896
|
| 035 |
|
|
|a (CaPaEBR)ebr11137174
|
| 035 |
|
|
|a (CaONFJC)MIL881727
|
| 035 |
|
|
|a (OCoLC)935254428
|
| 040 |
|
|
|a MiAaPQ
|b eng
|e rda
|e pn
|c MiAaPQ
|d MiAaPQ
|
| 043 |
|
|
|a e------
|
| 050 |
|
4 |
|a AZ604
|b .E97 2014
|
| 082 |
0 |
|
|a 001.209409032
|2 23
|
| 245 |
0 |
0 |
|a Europaische Wissenschaftskulturen und politische Ordnungen in der Moderne (1890-1970) /
|c herausgegeben von Gangolf Hubinger ; unter Mitarbeit von Anne Mittelhammer.
|
| 264 |
|
1 |
|a Munich, [Germany] :
|b Oldenbourg Verlag,
|c 2014.
|
| 264 |
|
4 |
|c 2014
|
| 300 |
|
|
|a 1 online resource (328 pages).
|
| 336 |
|
|
|a text
|2 rdacontent
|
| 337 |
|
|
|a computer
|2 rdamedia
|
| 338 |
|
|
|a online resource
|2 rdacarrier
|
| 490 |
1 |
|
|a Schriften des Historischen Kollegs. Kolloquien ;
|v 87
|
| 500 |
|
|
|a "Papers originally presented at an international conference held in Munich, 19-21 May 2011, Munich."
|
| 504 |
|
|
|a Includes bibliographical references and index.
|
| 588 |
|
|
|a Description based on print version record.
|
| 590 |
|
|
|a Electronic reproduction. Ann Arbor, MI : ProQuest, 2016. Available via World Wide Web. Access may be limited to ProQuest affiliated libraries.
|
| 650 |
|
0 |
|a Learning and scholarship
|z Europe
|x History
|y 20th century
|v Congresses.
|
| 650 |
|
0 |
|a Social sciences
|z Europe
|x History
|y 20th century
|v Congresses.
|
| 655 |
|
4 |
|a Electronic books.
|
| 700 |
1 |
|
|a Hubinger, Gangolf,
|e editor.
|
| 700 |
1 |
|
|a Mittelhammer, Anne,
|e contributor.
|
| 776 |
0 |
8 |
|i Print version:
|t Europaische Wissenschaftskulturen und politische Ordnungen in der Moderne (1890-1970)
|d Munich, [Germany] : Oldenbourg Verlag, c2014
|h viii, 316 pages
|k Schriften des Historischen Kollegs. Kolloquien ; 87.
|z 9783486718591
|w 2015302111
|
| 797 |
2 |
|
|a ProQuest (Firm)
|
| 830 |
|
0 |
|a Schriften des Historischen Kollegs.
|p Kolloquien ;
|v 87.
|
| 856 |
4 |
0 |
|u https://ebookcentral.proquest.com/lib/matrademy/detail.action?docID=4230896
|z Click to View
|